| 000 | 00438nam a2200181Ia 4500 | ||
|---|---|---|---|
| 001 | 10677 | ||
| 005 | 20260306161849.0 | ||
| 008 | 260306t2007||||xx |||||||||||||| ||spa|| | ||
| 041 | _aESP | ||
| 082 |
_a946.06 _bL12 |
||
| 100 |
_aChust, Manuel _eAUT |
||
| 245 | 0 | _a1808. La eclosión juntera en el mundo hispano | |
| 260 | _c2007 | ||
| 300 |
_a404 páginas : _c21 cm. |
||
| 650 | _aGEN | ||
| 654 | _aCHU | ||
| 942 |
_cLIB _dJUS _fJUS _2ddc _n |
||
| 999 |
_c10677 _d10677 |
||